MDQL
is popping MORE tags! Check the
thread
!
Quizzes
Events
Quiz Creation
Community
Videos
Private Events
Remove Ads
Sign In
Join for FREE
Feedback
Dark Mode
Quiz Categories
Sports
Geography
Music
Movies
Television
Just For Fun
Miscellaneous
History
Literature
Language
Science
Gaming
Entertainment
Religion
Holiday
For Kids
Quiz Lab
Recent
Popular Today
Quiz Kudos Today
Editor Picks
Curator Picks
Quizzes by...
Day
Popularity
Type
Ratings
Length
Year
Community
Subscriptions
Recent Discussions
Orange Saloon
Badges
Playlists
Quests
Create
Leaderboards
Showdown
Live 5
Trivia Bingo
Activity
Puzzle Library
Sporcle Events
Private Events
Virtual Trivia
Globe League
Become a Host
Pub Owners
SporcleCon
Opinionation
Our Games
Videos
Blog
Mobile Apps
Partnerships
Remove Ads and Go Orange
Feedback
Television
TV Characters
TV Show
Sitcom
Network
Friends
Reality Shows
Cast
South Park
Star Trek
The Simpsons
Doctor Who
Television
TV Characters
TV Show
Sitcom
Network
Friends
Reality Shows
Cast
South Park
Star Trek
The Simpsons
Doctor Who
Random Quiz
Search Sporcle
×
Quiz Lab
Quiz Lab
Television
Quote
Type in answers that appear in a list
Type in answers that appear in a list
Classic
Best Score? Go Orange.
Badly Translated Glee Quotes Stats
Can you name the Glee character from their badly translated quote?
By
gleekgirl
4m
15 Questions
604 Plays
604 Plays
604 Plays
Comments
Comments
Give Quiz Kudos
Give Quiz Kudos
-
- Ratings
hide this ad
More Info
Forced Order
Answers have to be entered in order
Answers have to be entered in order
Random Order
Randomize order of answers
Randomize order of answers
Replay
Link that replays current quiz
Next Quiz
Link to next quiz in quiz playlist
You Got
0%
They Got
Avg Score
39%
Avg Friend Score
Upgrade to see
Score Distribution
Jump to the score distribution portion of the page
Score
0/15
Timer
04:00
0
Plays Today
Translated Quote
Character
% Correct
I think he believes to be true vampires.
Tina Cohen-Chang
73.5%
No, he's dead. It was his son.
Kurt Hummel
67.1%
You see, I need chocolate thunder.
Mercedes Jones
61.4%
As a part of something special for you, right?
Rachel Berry
56.1%
This is all the money that is still two sets of commercial cleaning. I once bought a withdrawal and Nunchuck.
Noah Puckerman
48.2%
In my opinion, disturbing recipes.
Brittany Pierce
47.2%
He said yesterday that the 74 errors.
Emma Pillsbury
40.2%
Please stop talking, your son dirty.
Quinn Fabray
36.4%
Translated Quote
Character
% Correct
I have one, he was in Spain in the game, fans of his name wrong, and to answer any questions the application of a hat!
Will Scheuster
29%
God is our goal is to lose.
Artie Abrahms
28.1%
I want to leave. I think it will be very tired.
Finn Hudson
27%
Icons have some fun.
Sue Sylvester
24.3%
Gender is not the answer.
Santana Lopez
23%
He has seen a wave of physical evidence.
Principal Figgins
18.2%
Next time, do not forget, you are baby clothes. You will be responsible directly to him.
Blaine
9.1%
Quiz Playlist
Details
Report
Send in Message
Add To Playlist
More Info:
If a character isn't on here, it's because I couldn't find a good quote for them.
Classic:
Type in answers that appear in a list
Forced Order:
Answers have to be entered in order
Random Order:
Randomize order of answers
Last Updated: Feb 16, 2017
Quiz Scoreboard
CHALLENGE
Sign Up to Join the Scoreboard
Show All
Scores
Hide
Comments
May contain spoilers
Recently Published
1-10 Letter E Words III
by El_Dandy
Language
2m
Street Fighter Characters
by Artimus82
Gaming
60s
College Basketball Coaching Resumes
by pancakes188
Sports
9m
More to Explore
Quiz From the Vault
Featured Blog Post
Where Did the Easter Bunny Come From?
hide this ad
You Might Also Like...
Tags
Quote Quiz
Translation Quiz
Character
Glee
original
Today's Top Quizzes in Television
Browse Television
hide this ad
Today's Top Quizzes in Quote
Browse Quote
Top Contributed Quizzes in Television
1
Survivor Journey Challenge
2
Adjectives in 80s TV Shows
3
Adjectives in 00s TV Shows
4
5-to-1: The Simpsons Families
5
Adjectives in 10s TV Shows
6
5-to-1: Television Doctors
7
7-to-1: TV Show Settings
8
Adjectives in 70s TV Shows
9
5-to-1: Streaming Originals
10
Survivor Seasons
Explore More
Trending Topics
Crossword
Kpop
Disney
Marvel
Anime
Harry Potter
NBA
Pokémon
Song
The Office
NFL
Soccer
Puzzle
Country
WWE
hide this ad
More By:
gleekgirl
Quiz
Plays
Rating
Category
Featured
Created
The Addams Family Theme Lyrics
41,702
4.50
Television
Oct 24, 2010
Name That Disney Song II
2,847
4.09
Movies
Jan 26, 2010
Name That Disney Song III
2,686
3.75
Movies
Jan 26, 2010
Buffy Characters by Theory
2,551
3.67
Television
Mar 23, 2010
Glee Characters by Actor
2,196
4.25
Television
Jan 12, 2010
Go to Creator's Profile
Score Distribution
Quiz Creator Spotlight
gleekgirl
Follow
Send a Message
Quizzes Created
-
Created Quiz Play Count
-
More By This Creator
Popular Quizzes Today
1
Find the US States - No Outlines Minefield
2
Find the Countries of Europe - No Outlines Minefield
3
Find the US States
4
The Countries of the World
5
Risky Map Clicking: Biggest States A-Z
6
US States
7
Popular People in 1961
8
Movies - When Are They Set?
More Television Quizzes
Find 4 TV Alien Races
Curator's Pick
Trending Quizzes
Risky Map Clicking: Least Populous States A-Z
1-10 Letter G Words
Countries of the World: 200 Million BC
1-10 Letter F Words
Risky Map Clicking: Next State Alphabetically
Recently Updated
Largest US Cities 1790-2010
pecheneg
Rides in Walt Disney World
pecheneg
Most Oscar Losses (Acting)
pecheneg
Beyoncé Albums
pecheneg
Leaping Animals
pecheneg
Reality TV Shows (A-Z)
bhenderson79
Rickey Henderson's Hall of Fame Teammates
pecheneg
Champions League XIs: Arsenal
pecheneg
Quick Pick: Celebrities in WWE's Hall of Fame
aduchscher
A-Z Keypad Blitz II
pecheneg
Trending Topics
NBA
Kpop
Disney
Marvel
Crossword
Harry Potter
Anime
Pokémon
Song
Country
Soccer
Puzzle
WWE
NFL
The Office
Your Account Isn't Verified!
In order to create a playlist on Sporcle, you need to verify the email address you used during registration. Go to your
Sporcle Settings
to finish the process.
Report this User
Report this user for behavior that violates our
Community Guidelines
.
Details:
Send Report
Go to the Sporcle.com Mobile Site →
Comments